| Tag |
First Indicator |
Second Indicator |
Subfields |
| LEADER |
00000cam a22000001a 4500 |
| 001 |
in00003328131 |
| 005 |
20190404195548.0 |
| 006 |
m d f |
| 007 |
cr bn mmmapmmp |
| 008 |
110909s2004 dcu o f000 0 eng d |
| 035 |
|
|
|a chdc200400334
|
| 040 |
|
|
|a ProQuest
|c ProQuest
|d UtOrBLW
|
| 043 |
|
|
|a n-us---
|
| 074 |
|
|
|a 1023-A
|
| 074 |
|
|
|a 1023-A (online)
|
| 074 |
|
|
|a 1023-B (MF)
|
| 074 |
|
|
|a 1023-B (online)
|
| 088 |
|
|
|a Serial no. 108-66 (United States. Congress. House. Committee on Resources)
|
| 099 |
|
|
|a HRG-2003-HGR-0081
|
| 110 |
1 |
|
|a United States.
|b Congress.
|b House.
|b Committee on Resources.
|
| 245 |
1 |
0 |
|a Tribal self-governance :
|b oversight hearing before the Committee on Resources, U.S. House of Representatives, One Hundred Eighth Congress, first session, Wednesday, October 8, 2003.
|
| 264 |
|
1 |
|a Washington :
|b U.S. G.P.O. :
|c 2004.
|
| 264 |
|
2 |
|a Washington :
|b For sale by the Supt. of Docs., U.S. G.P.O.,
|
| 300 |
|
|
|a 1 online resource.
|
| 336 |
|
|
|a text
|b txt
|2 rdacontent
|
| 337 |
|
|
|a computer
|b c
|2 rdamedia
|
| 338 |
|
|
|a online resource
|b cr
|2 rdacarrier
|
| 500 |
|
|
|a Reuse of record except for individual research requires license from ProQuest, LLC.
|
| 500 |
|
|
|a Distributed to some depository libraries in microfiche.
|
| 500 |
|
|
|a Shipping list number: 2004-0157-P.
|
| 500 |
|
|
|a "Serial number 108-66."
|
| 530 |
|
|
|a Also available via Internet from the GPO Access web site. Addresses as of 5/10/04: http://frwebgate.access.gpo.gov/cgi-bin/getdoc.cgi?dbname=108%5Fhouse%5Fhearin- gs & docid=f:89825.wais (text version), http://frwebgate.access.gpo.gov/cgi-bin/getdoc.cgi?dbname=108%5Fhouse%5Fhearin- gs & docid=f:89825.pdf (PDF version); current access is available via PURLs.
|
| 500 |
|
|
|a Electronic resource.
|
| 538 |
|
|
|a System requirements: PDF reader software.
|
| 650 |
|
0 |
|a Indians of North America
|x Legal status, laws, etc.
|
| 650 |
|
0 |
|a Indians of North America
|x Politics and government.
|
| 650 |
|
0 |
|a Indians of North America
|x Government relations.
|
| 655 |
|
7 |
|a Electronic books.
|2 local
|
| 710 |
2 |
|
|a ProQuest (Firm)
|
| 776 |
0 |
8 |
|i Print version:
|a United States.Congress.House.Committee on Resources.
|t Tribal self-governance
|w (DLC)2004398766
|w (OCoLC)ocm55112790
|
| 776 |
0 |
8 |
|i Microfiche version:
|a United States.Congress.House.Committee on Resources.
|t Tribal self-governance
|d [Bethesda, Md.] : ProQuest LLC, [2004]
|o CIS 2004 H651-23
|w (ProQuest)cis00400481
|
| 830 |
|
0 |
|a U.S. Congressional Hearings.
|
| 856 |
4 |
0 |
|u http://proxy.library.tamu.edu/login?url=http://congressional.proquest.com/congcomp/getdoc?HEARING-ID=HRG-2003-HGR-0081
|z Connect to the full text of this electronic book
|t 0
|
| 998 |
|
|
|a cis00400481
|
| 999 |
|
|
|a MARS
|
| 999 |
f |
f |
|s d9a45aa9-f311-3255-9dd9-46d955011e07
|i b92f557f-0177-319b-ad76-c11f0cb6f2a7
|t 0
|
| 952 |
f |
f |
|a Texas A&M University
|b College Station
|c Electronic Resources
|d Available Online
|t 0
|e HRG-2003-HGR-0081
|h Other scheme
|
| 998 |
f |
f |
|a HRG-2003-HGR-0081
|t 0
|l Available Online
|